Normal view MARC view
  • Quintero Soto, María Luisa

Entry Nombre Personal

Number of records used in: 10

001 - NUMERO DE CONTROL

  • campo de control: 37567

003 - IDENTIFICADOR DE NUMERO DE CONTROL

  • campo de control: DLC

005 - FECHA Y HORA DE LA ÜLTIMA TRANSACCIÓN

  • campo de control: 20221012091048.0

008 - DATOS DE LONGITUD FIJA

  • campo de control de longitud fija: 221012n| azannaabn |a aaa c

010 ## - NÚMERO DE CONTROL DE LA BIBLIOTECA DEL CONGRESO

  • Número de control LC: nr2005005702
  • Número de Control LC Cancelado/inválido: no2007006824

035 ## - NUMERO DE CONTROL

  • Número de control: (OCoLC)oca06576366

035 ## - NUMERO DE CONTROL

  • Número de control: (CaEvSKY)skya7440831

040 ## - FUENTE DE CATALOGACIÓN

  • Agencia original de catalogación: CSt
  • Lenguaje de catalogación: spa
  • Description conventions: rda
  • Agencia de transcripción: CSt
  • Agencia que lo modifica: CSt
  • Agencia que lo modifica: DLC
  • Agencia que lo modifica: DNLM
  • Agencia que lo modifica: MX-SlUA
  • Agencia que lo modifica: MX-MxUPN

100 1# - ENCABEZAMIENTO - NOMBRE PERSONAL

  • Nombre personal: Quintero Soto, María Luisa

373 ## - GRUPO ASOCIADO

  • Associated group: Universidad Autónoma del Estado de México

374 ## - OCUPACIÓN

  • Occupation: Profesor universitario
  • Occupation: Investigador

375 ## - GÉNERO

  • Gender: femenino
  • Fuente del término: lcdgt

377 ## - LENGUA ASOCIADA

  • Language code: spa

400 1# - VEÁSE - NOMBRE DE PERSONA

  • Personal name: Quintero, María Luisa

400 1# - VEÁSE - NOMBRE DE PERSONA

  • Personal name: Quintero Soto, Ma. Luisa
  • Fuller form of name: (María Luisa)

400 1# - VEÁSE - NOMBRE DE PERSONA

  • Personal name: Soto, María Luisa Quintero

670 ## - FUENTE EN LA QUE SE LOCALIZARON DATOS

  • Cita de la fuente: Recursos naturales y desarrollo sustentable, 2004:
  • Información localizada: portada (María Luisa Quintero Soto)

670 ## - FUENTE EN LA QUE SE LOCALIZARON DATOS

  • Cita de la fuente: El género y sus ámbitos de expresión en lo cultural, económico y ambiental, 2006:
  • Información localizada: portada (María Luisa Quintero)

670 ## - FUENTE EN LA QUE SE LOCALIZARON DATOS

  • Cita de la fuente: Temas emergentes en los estudios de género, 2008:
  • Información localizada: portada (María Luisa Quintero Soto)

670 ## - FUENTE EN LA QUE SE LOCALIZARON DATOS

  • Cita de la fuente: Nezahualcóyotl y sus voces, 2009:
  • Información localizada: portada (Ma. Luisa Quintero Soto) solapa delantera (coordinator of research, prof. and researcher, Unidad Académica Profesional de Nezahualcóyotl, Univ. Aut. del Estado de México)

670 ## - FUENTE EN LA QUE SE LOCALIZARON DATOS

  • Cita de la fuente: De la violencia de género a la educación de la equidad social, 2018:
  • Información localizada: portada (Ma. Luisa Quintero Soto)

902 ## - CATALOGADOR

  • Catalogador: NDAF/221012